[Event "KOS-chT2"]
[Site "Pristina"]
[Date "2023.05.27"]
[Round "1"]
[White "Dobra, Gani"]
[Black "Ermeni, Bekim"]
[Result "0-1"]
[WhiteElo "1797"]
[BlackElo "2022"]
[PlyCount "48"]
[EventDate "2023.05.27"]
[EventType "team-swiss"]
[EventRounds "7"]
[EventCountry "KOS"]
[SourceTitle "CBM 214 Extra"]
[Source "ChessBase"]
[SourceDate "2023.07.31"]
[SourceVersion "1"]
[SourceVersionDate "2023.07.31"]
[SourceQuality "1"]
[WhiteTeam "Ulpiana"]
[BlackTeam "Vellaznimi"]
[WhiteTeamCountry "KOS"]
[BlackTeamCountry "KOS"]

1. e4 Nf6 2. d3 e5 3. Nc3 Nc6 4. Be3 d6 5. a3 Be7 6. Be2 Nd4 7. Bxd4 exd4 8. Nd5 Nxd5 9. exd5 0-0 10. Bf3 Bf6 11. Ne2 Bd7 12. 0-0 g6 13. Re1 Be5 14. g3 f5 15. Bg2 f4 16. Be4 fxg3 17. fxg3 Bh3 18. Bg2 Bxg2 19. Kxg2 Qg5 20. Qc1 Qh5 21. Ng1 Rf2+ 22. Kxf2 Qxh2+ 23. Kf3 Rf8+ 24. Ke4 Qg2+ 0-1

[Event "KOS-chT"]
[Site "Pristina"]
[Date "2018.05.10"]
[Round "4.3"]
[White "Ermeni, Bekim"]
[Black "Xhakaj, Shehat"]
[Result "0-1"]
[WhiteElo "2085"]
[BlackElo "2033"]
[PlyCount "78"]
[EventDate "2018.05.07"]
[EventType "team-tourn"]
[EventRounds "7"]
[EventCountry "KOS"]
[SourceTitle "EXT 2019"]
[Source "ChessBase"]
[SourceDate "2018.10.10"]
[SourceVersion "1"]
[SourceVersionDate "2018.10.10"]
[SourceQuality "1"]
[WhiteTeam "Vellaznimi"]
[BlackTeam "Drenasi"]
[WhiteTeamCountry "KOS"]
[BlackTeamCountry "KOS"]

1. d4 Nf6 2. Nf3 d5 3. g3 Bf5 4. Bg2 c6 5. 0-0 e6 6. Bg5 Be7 7. Nbd2 h6 8. Bf4 Nbd7 9. h3 g5 10. Be3 Qc7 11. c4 dxc4 12. Nxc4 Nd5 13. Bc1 N7b6 14. Nce5 f6 15. e4 fxe5 16. Nxe5 0-0 17. exf5 exf5 18. Qh5 Rf6 19. h4 g4 20. Bxh6 Bf8 21. Bg5 Re6 22. Bd2 Qh7 23. Qg5+ Kh8 24. Rad1 Be7 25. Ng6+ Qxg6 26. Qxg6 Rxg6 27. Rfe1 Bf6 28. Re6 Rg7 29. Rde1 Re7 30. a4 Rxe6 31. Rxe6 Bxd4 32. b3 Nf6 33. Re7 Nbd7 34. Bg5 Re8 35. Bxf6+ Nxf6 36. Rxb7 Re1+ 37. Kh2 Bxf2 38. Bxc6 Nh5 39. Rxa7 Bxa7 0-1

[Event "KOS-chT"]
[Site "Pristina"]
[Date "2017.05.23"]
[Round "7.1"]
[White "Ermeni, Bekim"]
[Black "Halili, Sabri"]
[Result "1-0"]
[WhiteElo "2147"]
[BlackElo "2128"]
[PlyCount "77"]
[EventDate "2017.05.17"]
[EventType "team-tourn"]
[EventRounds "7"]
[EventCountry "KOS"]
[SourceTitle "CBM 178 Extra"]
[Source "ChessBase"]
[SourceDate "2017.06.22"]
[SourceVersion "1"]
[SourceVersionDate "2017.06.22"]
[SourceQuality "1"]
[WhiteTeam "Vellaznimi"]
[BlackTeam "Llamkos"]
[WhiteTeamCountry "KOS"]
[BlackTeamCountry "KOS"]

1. d4 Nf6 2. Nf3 c5 3. d5 d6 4. Bg5 Nbd7 5. c4 g6 6. Nc3 Bg7 7. Qd2 h6 8. Bf4 g5 9. Bg3 Nh5 10. e4 a6 11. Be2 Rb8 12. a4 Qa5 13. Qc1 Nxg3 14. hxg3 g4 15. Nd2 h5 16. f4 Nf8 17. Bd3 Ng6 18. e5 dxe5 19. f5 Nf8 20. Ke2 Qc7 21. Qf1 Nd7 22. Nce4 Nf6 23. Rd1 Bd7 24. Bc2 Nxe4 25. Nxe4 f6 26. d6 exd6 27. Rxd6 Ke7 28. Qf2 b6 29. Rhd1 Rhd8 30. b3 Bc6 31. Re6+ Kf7 32. Nd6+ Kf8 33. Qe3 Bd7 34. Rxe5 fxe5 35. f6 Bc6 36. fxg7+ Kxg7 37. Qg5+ Kf8 38. Rf1+ Bf3+ 39. gxf3 1-0

[Event "KOS-chT"]
[Site "Pristina"]
[Date "2017.05.21"]
[Round "5.4"]
[White "Dushi, Burim"]
[Black "Ermeni, Bekim"]
[Result "0-1"]
[WhiteElo "2022"]
[BlackElo "2147"]
[PlyCount "75"]
[EventDate "2017.05.17"]
[EventType "team-tourn"]
[EventRounds "7"]
[EventCountry "KOS"]
[SourceTitle "CBM 178 Extra"]
[Source "ChessBase"]
[SourceDate "2017.06.22"]
[SourceVersion "1"]
[SourceVersionDate "2017.06.22"]
[SourceQuality "1"]
[WhiteTeam "Decani"]
[BlackTeam "Vellaznimi"]
[WhiteTeamCountry "KOS"]
[BlackTeamCountry "KOS"]

1. e4 Nf6 2. Nc3 d5 3. exd5 Nxd5 4. Nxd5 Qxd5 5. Nf3 Bg4 6. Be2 e5 7. d3 Nc6 8. 0-0 Bd6 9. c4 Qe6 10. Ng5 Bxe2 11. Qxe2 Qe7 12. Be3 0-0 13. Qh5 h6 14. Ne4 f5 15. Nc3 f4 16. Bd2 Nd4 17. Nb5 Rf5 18. Qh3 Raf8 19. Nxd4 exd4 20. Qf3 b6 21. Rfe1 Qh4 22. Re4 R8f6 23. Rae1 g5 24. Re8+ Kf7 25. Qc6 f3 26. Qd7+ Kg6 27. Rg8+ Kh5 28. Qe8+ Rf7 29. Rxg5+ hxg5 30. Qh8+ Kg6 31. Re6+ R5f6 32. Qg8+ Kf5 33. g3 Qh5 34. Re4 Rf8 35. Qd5+ Kg6 36. h4 gxh4 37. Qxh5+ Kxh5 38. Rxh4+ 0-1